The Roman Empire of Ammianus : with a new introduction /

محفوظ في:

المؤلف الرئيسي: Matthews, John (مؤلف)

التنسيق: كتاب

اللغة: English

منشور في: Ann Arbor, MI : Michigan Classical Press, c2007.

الطبعة: Rev. ed.

الموضوعات:

الوسوم: إضافة وسم

لا توجد وسوم, كن أول من يضع وسما على هذه التسجيلة!

رقم الطلب: DG316.7 .M38 2007

LEADER 00984namaa2200277 4500
001 22352
003 OSt
005 20260121081252.0
008 130303s2007 miub b 001 0 eng d
020 |a 9780979971327 
040 |c ARCE Library 
043 |a e------  |a ff-----  |a aw----- 
050 4 |a DG316.7 .M38 2007 
100 1 |a Matthews, John,   |q (John Frederick),   |e author 
245 1 4 |a The Roman Empire of Ammianus :   |b with a new introduction /   |c John Matthews. 
250 |a Rev. ed. 
264 1 |a Ann Arbor, MI :  |b Michigan Classical Press,  |c c2007. 
300 |a xiii, 608 pages :   |b maps ;   |c 24 cm. 
500 |a "First edition published 1989 by Gerald Duckworth & Co. Ltd."-- title pages verso. 
504 |a Includes bibliographical references (pages 554-571) and index. 
555 |a Nabil 
600 0 0 |a Ammianus Marcellinus.  |t Rerum gestarum libri.  |9 25368 
651 0 |a Rome  |x History  |y Empire, 284-476  |x Historiography. 
901 |a reviewed 
942 |c BK  |2 lcc 
999 |c 21338  |d 21338